Etat juif et monde arabe
Αποθηκεύτηκε σε:
| Κύριος συγγραφέας: | |
|---|---|
| Μορφή: | Βιβλίο |
| Γλώσσα: | French |
| Δημοσίευση: |
Paris :
Editions Gaucher,
1949
|
| Θέματα: | |
| Ετικέτες: |
Προσθήκη ετικέτας
Δεν υπάρχουν, Καταχωρήστε ετικέτα πρώτοι!
|
MARC
| LEADER | 00000cam a2200000 i 4500 | ||
|---|---|---|---|
| 001 | 1/8434 | ||
| 008 | 000628s1949 fre d | ||
| 035 | |l 10062672 | ||
| 040 | |a GR-MY-UA |b gre |e aacr | ||
| 041 | 0 | |a fre | |
| 082 | 0 | |a 956 | |
| 100 | 1 | |a Plessier, Francois. | |
| 245 | 1 | 0 | |a Etat juif et monde arabe / |c Francois Plessier |
| 260 | |a Paris : |b Editions Gaucher, |c 1949 | ||
| 300 | |a 420 p. | ||
| 650 | 0 | 0 | |a Zionism. |
| 651 | 0 | |a Middle East |x Politics and government. | |
| 852 | |a INST |b LESVOS |e 20000628 |h 956 PLE |p 005100023561 |q 005100023561 |t BK |y 0 | ||
| 901 | |a BIBL1-2000-2 | ||
| 909 | |a Λ |b 076853 | ||
| 970 | |z 2000/06/ELIDOC | ||